Online
Catalog

Welcome / (Record no. 31302)

MARC details
000 -CABECERA
campo de control de longitud fija 00862nam a2200265 a 4500
001 - NÚMERO DE CONTROL
campo de control 000031810
005 - FECHA Y HORA DE LA ÚLTIMA TRANSACCIÓN
campo de control 20251030152032.0
008 - DATOS DE LONGITUD FIJA--INFORMACIÓN GENERAL
campo de control de longitud fija 110706nuuuuuuuudr ac f 000 0dspa d
040 ## - FUENTE DE LA CATALOGACIÓN
Centro catalogador/agencia de origen DO-SdBNP
Lengua de catalogación spa
Centro/agencia transcriptor BNPHU
041 17 - CÓDIGO DE LENGUA
Código de lengua del texto/banda sonora o título independiente spa
Código de lengua del sumario o resumen eng
Fuente del código MARC
082 ## - NÚMERO DE LA CLASIFICACIÓN DECIMAL DEWEY
Número de clasificación 700.92
Número de documento/Ítem N218w
100 1# - ENTRADA PRINCIPAL--NOMBRE DE PERSONA
Nombre de persona Naranjo, Yolanda,
Fechas asociadas al nombre 1968-
9 (RLIN) 58024
245 10 - MENCIÓN DE TÍTULO
Título Welcome /
Mención de responsabilidad, etc. Yolanda Naranjo ; presentación de Ada Balcácer.
260 ## - PUBLICACIÓN, DISTRIBUCIÓN, ETC.
Lugar de publicación, distribución, etc. [Santo Domingo :
Nombre del editor, distribuidor, etc. s.n.,
Fecha de publicación, distribución, etc. 20--?].
300 ## - DESCRIPCIÓN FÍSICA
Extensión [78] p. :
Otras características físicas il., retrs. ;
Dimensiones 18 cm.
546 ## - NOTA DE LENGUA/LENGUAJE
Nota de lengua/lenguaje Inglés, Español.
590 ## - NOTA LOCAL (RLIN)
Nota local Inventariado, 2018/LP
650 #4 - PUNTO DE ACCESO ADICIONAL DE MATERIA--TÉRMINO DE MATERIA
Término de materia o nombre geográfico como elemento de entrada Artistas dominicanos
9 (RLIN) 58025
650 #4 - PUNTO DE ACCESO ADICIONAL DE MATERIA--TÉRMINO DE MATERIA
Término de materia o nombre geográfico como elemento de entrada Mujeres artistas
9 (RLIN) 58026
650 #4 - PUNTO DE ACCESO ADICIONAL DE MATERIA--TÉRMINO DE MATERIA
Término de materia o nombre geográfico como elemento de entrada Grabadores dominicanos
9 (RLIN) 58027
650 #0 - PUNTO DE ACCESO ADICIONAL DE MATERIA--TÉRMINO DE MATERIA
Término de materia o nombre geográfico como elemento de entrada Arte contemporáneo
9 (RLIN) 19845
650 #4 - PUNTO DE ACCESO ADICIONAL DE MATERIA--TÉRMINO DE MATERIA
Término de materia o nombre geográfico como elemento de entrada Arte dominicano
9 (RLIN) 37843
700 ## - PUNTO DE ACCESO ADICIONAL--NOMBRE DE PERSONA
Nombre de persona Balcácer, Ada
Término indicativo de función/relación present.
9 (RLIN) 24847
910 ## - DATOS DE OPCIÓN DEL USUARIO (OCLC)
Datos de opción del usuario Validado. Control de calidad EMS
Holdings
Estado de retiro Estado de pérdida No para préstamo Código de colección Localización permanente Ubicación/localización actual Ubicación en estantería Fecha de adquisición Número de inventario Total de préstamos Signatura topográfica completa Código de barras Fecha visto por última vez Precio válido a partir de Tipo de ítem Koha
    Excluido de préstamo Patrimonio Dominicano Patrimonio Dominicano Patrimonio Dominicano Depósito 06.07.2011 LF1   700.92 N218w 31810-10 25.06.2020 25.06.2020 Libro y Folleto Colección Patrimonio Dominicano

Powered by Koha